<?xml version="1.0" encoding="UTF-8"?>
<record
    xmlns:xsi="http://www.w3.org/2001/XMLSchema-instance"
    xsi:schemaLocation="http://www.loc.gov/MARC21/slim http://www.loc.gov/standards/marcxml/schema/MARC21slim.xsd"
    xmlns="http://www.loc.gov/MARC21/slim">

  <leader>00657nam a22001817a 4500</leader>
  <datafield tag="020" ind1=" " ind2=" ">
    <subfield code="a">1552500691</subfield>
    <subfield code="c">TZS 36575/=</subfield>
  </datafield>
  <datafield tag="040" ind1=" " ind2=" ">
    <subfield code="a">MUL</subfield>
    <subfield code="b">eng</subfield>
    <subfield code="e">AACR</subfield>
  </datafield>
  <datafield tag="082" ind1=" " ind2=" ">
    <subfield code="a">613.072 VAR</subfield>
  </datafield>
  <datafield tag="100" ind1=" " ind2=" ">
    <subfield code="a">Varkevisser, Corlien M.</subfield>
  </datafield>
  <datafield tag="245" ind1=" " ind2=" ">
    <subfield code="a">Designing and conducting health systems research projects:</subfield>
    <subfield code="b">volume 1: proposal development and fieldwork /</subfield>
    <subfield code="c">Corlien M. Varkevisser, Indra Pathmanathan and Ann Brownlee</subfield>
  </datafield>
  <datafield tag="260" ind1=" " ind2=" ">
    <subfield code="a">Amsterdam:</subfield>
    <subfield code="b">KIT publishers,</subfield>
    <subfield code="c">2003.</subfield>
  </datafield>
  <datafield tag="300" ind1=" " ind2=" ">
    <subfield code="a">xii, 357p. ;</subfield>
    <subfield code="c">27 cm.</subfield>
  </datafield>
  <datafield tag="500" ind1=" " ind2=" ">
    <subfield code="a">Includes review questions and research instruments</subfield>
  </datafield>
  <datafield tag="650" ind1=" " ind2=" ">
    <subfield code="a">Research methods </subfield>
  </datafield>
  <datafield tag="700" ind1=" " ind2=" ">
    <subfield code="a">Pathmanathan, Indra</subfield>
  </datafield>
  <datafield tag="700" ind1=" " ind2=" ">
    <subfield code="a">Brownlee, Ann</subfield>
  </datafield>
  <datafield tag="942" ind1=" " ind2=" ">
    <subfield code="c">BK</subfield>
  </datafield>
  <datafield tag="999" ind1=" " ind2=" ">
    <subfield code="c">3483</subfield>
    <subfield code="d">3483</subfield>
  </datafield>
  <datafield tag="952" ind1=" " ind2=" ">
    <subfield code="0">0</subfield>
    <subfield code="1">0</subfield>
    <subfield code="4">0</subfield>
    <subfield code="7">0</subfield>
    <subfield code="a">MU0001</subfield>
    <subfield code="b">MU0001</subfield>
    <subfield code="d">2010-09-07</subfield>
    <subfield code="e">JENSEN (T) Ltd.</subfield>
    <subfield code="l">0</subfield>
    <subfield code="o">613.072 VAR</subfield>
    <subfield code="p">0065197</subfield>
    <subfield code="r">2022-11-11 00:00:00</subfield>
    <subfield code="t">1</subfield>
    <subfield code="w">2022-11-11</subfield>
    <subfield code="y">BK</subfield>
  </datafield>
  <datafield tag="952" ind1=" " ind2=" ">
    <subfield code="0">0</subfield>
    <subfield code="1">0</subfield>
    <subfield code="4">0</subfield>
    <subfield code="7">0</subfield>
    <subfield code="a">MU0001</subfield>
    <subfield code="b">MU0001</subfield>
    <subfield code="d">2010-09-07</subfield>
    <subfield code="e">JENSEN (T) Ltd.</subfield>
    <subfield code="l">0</subfield>
    <subfield code="o">613.072 VAR</subfield>
    <subfield code="p">0065198</subfield>
    <subfield code="r">2022-11-11 00:00:00</subfield>
    <subfield code="t">2</subfield>
    <subfield code="w">2022-11-11</subfield>
    <subfield code="y">BK</subfield>
  </datafield>
</record>
